[Event "Mechanics' Spring TNM; 30/90, SD/30"]
[Site "San Francisco"]
[Date "2009.03.17"]
[Round "2"]
[White "Chan, John"]
[Black "Krasnov, Steven"]
[Result "0-1"]
[WhiteElo "1511"]
[BlackElo "1941"]
[PlyCount "54"]
[EventDate "2009.??.??"]

1. c4 Nf6 2. Nc3 e6 3. Nf3 d5 4. cxd5 exd5 5. e3 c6 6. a3 a5 7. a4 Bd6 8. g3
Na6 9. Bg2 Nb4 10. O-O Bf5 11. Ne1 Qd7 12. f3 h5 13. e4 dxe4 14. Nxe4 Bxe4 15.
fxe4 Bc5+ 16. Kh1 h4 17. Rf3 Ng4 18. Qe2 hxg3 19. h3 Nf2+ 20. Rxf2 gxf2 21. Nf3
Nd3 22. Qf1 O-O-O 23. b3 Ne1 24. Nh2 Nxg2 25. Qxg2 Rxh3 26. Bb2 Rdh8 27. Be5 f6
0-1

[Event "Mechanics' Winter TNM; 30/90, SD/30"]
[Site "San Francisco"]
[Date "2009.01.06"]
[Round "1.10"]
[White "Chan, John"]
[Black "Manvelyan, Hayk"]
[Result "0-1"]
[WhiteElo "1563"]
[BlackElo "1969"]
[PlyCount "56"]
[EventDate "2009.??.??"]

1. c4 e6 2. Nc3 b6 3. Nf3 Bb7 4. e4 Ne7 5. d4 d5 6. cxd5 exd5 7. e5 Ng6 8. Bd3
Be7 9. O-O O-O 10. Re1 c5 11. Ne2 Nc6 12. Bxg6 fxg6 13. Nf4 Qd7 14. dxc5 Bxc5
15. Qxd5+ Qxd5 16. Nxd5 Rxf3 17. gxf3 Nd4 18. Be3 Nxf3+ 19. Kf1 Ba6+ 20. Kg2
Nxe1+ 21. Rxe1 Bb7 22. Rd1 Rd8 23. Kg3 Rxd5 24. Rxd5 Bxd5 25. a3 Bxe3 26. fxe3
Kf7 27. h4 Ke6 28. Kf4 Bc6 0-1

[Event "Mechanics' Spring TNM; 30/90, SD/30"]
[Site "San Francisco"]
[Date "2009.05.05"]
[Round "8.24"]
[White "Chan, John"]
[Black "Puryear, Ted"]
[Result "1-0"]
[WhiteElo "1511"]
[BlackElo "1124"]
[PlyCount "55"]
[EventDate "2009.??.??"]

1. c4 Nf6 2. Nc3 g6 3. d4 Bg7 4. Nf3 O-O 5. e4 d6 6. h3 e5 7. d5 a5 8. Be3 Na6
9. a3 Bd7 10. Rc1 Ne8 11. g4 f5 12. gxf5 gxf5 13. Bg5 Nf6 14. Rg1 Nc5 15. Bh6
Rf7 16. Ng5 Re7 17. exf5 Bxf5 18. Qf3 Qd7 19. Ne6 Nxe6 20. Qxf5 Nd4 21. Qxf6
Rf8 22. Rxg7+ Rxg7 23. Qxg7+ Qxg7 24. Bxg7 Kxg7 25. Nb5 Nf3+ 26. Kd1 Nh2 27.
Ke2 Rf7 28. Bg2 1-0

[Event "Mechanics' Summer TNM; 30/90, SD/30"]
[Site "San Francisco"]
[Date "2009.07.07"]
[Round "7.18"]
[White "Chan, John"]
[Black "Sherwood, Peter"]
[Result "0-1"]
[WhiteElo "1622"]
[BlackElo "1719"]
[PlyCount "180"]
[EventDate "2009.??.??"]

1. c4 e5 2. Nc3 Nf6 3. Nf3 Nc6 4. e4 Bb4 5. Qc2 O-O 6. a3 Bxc3 7. bxc3 Re8 8.
Be2 d6 9. O-O h6 10. d3 Qe7 11. a4 Nh7 12. a5 f5 13. Bd2 f4 14. d4 g5 15. Kh1
g4 16. Ng1 Qf6 17. d5 Ne7 18. f3 h5 19. Qd3 Qh4 20. fxg4 hxg4 21. g3 fxg3 22.
Qxg3 Qxg3 23. hxg3 Kg7 24. Rf2 Bd7 25. Be3 Nf6 26. Bd3 Rh8+ 27. Kg2 Rhf8 28.
Raf1 Kg6 29. c5 a6 30. Rb1 Bb5 31. c4 Ba4 32. cxd6 cxd6 33. Rxb7 Rfe8 34. Rb6
Nc8 35. Rb4 Bd7 36. Rb7 Re7 37. Rb1 Rh7 38. c5 dxc5 39. Bxc5 Ne8 40. Rbf1 Rg7
41. Ba3 Bb5 42. Bxb5 axb5 43. Bb4 Ra6 44. Rc1 Ncd6 45. Re2 Nc4 46. Rf1 Ned6 47.
Rf8 Rf7 48. Rd8 Rf6 49. Rb8 Kf7 50. Rh8 Kg7 51. Rh4 Rg6 52. Rh5 Rf6 53. Bc3 Kg6
54. Rh4 Kg5 55. Rh8 Ra7 56. Rg8+ Rg6 57. Rh8 Rf6 58. Bb4 Ra6 59. Re1 Nxa5 60.
Ra1 Nxe4 61. Be7 Kg6 62. Bxf6 Rxf6 63. Rf1 Rb6 $138 64. Rg8+ Kh7 65. Rxg4 Nf6
66. Rh4+ Kg6 67. Nf3 Nc4 68. Kh3 e4 69. Nd4 e3 70. Re1 b4 71. Nb3 Nd2 72. Rxe3
Nxb3 73. Rxb3 Nxd5 74. Rd4 Rb5 75. g4 Kg5 76. Kg3 Kg6 77. Kh4 Kh6 78. Rc4 Rb6
79. Rc5 Nf4 80. g5+ Kg6 81. Kg4 Ne6 82. Ra5 $138 Kg7 83. Ra1 Kg6 84. Rh1 Nxg5
85. Rh8 Nf7 86. Rg8+ Kh7 87. Rc8 Kg6 88. Rc4 Ne5+ 89. Kg3 Nxc4 90. Kf3 Na5 0-1

[Event "Mechanics' Winter TNM; 30/90, SD/30"]
[Site "San Francisco"]
[Date "2009.02.10"]
[Round "6.18"]
[White "Chan, John"]
[Black "Sherwood, Peter"]
[Result "1/2-1/2"]
[WhiteElo "1563"]
[BlackElo "1709"]
[PlyCount "73"]
[EventDate "2009.??.??"]

1. c4 e5 2. Nc3 Nf6 3. Nf3 Nc6 4. e4 Bb4 5. Qc2 O-O 6. a3 Bxc3 7. dxc3 h6 8. b4
d6 9. h3 Be6 10. g4 Nh7 11. Bd3 Qf6 12. Qe2 Ne7 13. Be3 Ng6 14. a4 Nf4 15. Bxf4
Qxf4 16. Qe3 Qxe3+ 17. fxe3 c5 18. b5 Rfd8 19. a5 a6 20. b6 f6 21. Ke2 g6 22.
Raf1 Kg7 23. Rfg1 Rh8 24. Kd2 Nf8 25. h4 g5 26. h5 Nd7 27. Be2 Nb8 28. Nh2 Nc6
29. Ra1 Rad8 30. Kc2 Rhf8 31. Rhf1 Rf7 32. Bd3 Rdf8 33. Rf2 Bd7 34. Kb3 Be6 35.
Kc2 Bd7 36. Kb3 Be6 37. Kc2 1/2-1/2

[Event "Mechanics' Spring TNM; 30/90, SD/30"]
[Site "San Francisco"]
[Date "2009.03.31"]
[Round "3.19"]
[White "Chan, John"]
[Black "Smelansky, Vadim"]
[Result "1/2-1/2"]
[WhiteElo "1511"]
[BlackElo "1798"]
[PlyCount "115"]
[EventDate "2009.??.??"]

1. c4 Nf6 2. Nc3 e6 3. Nf3 d5 4. e3 c5 5. d4 Nc6 6. cxd5 exd5 7. Be2 Be6 8. a4
c4 9. O-O Bd6 10. Ne1 O-O 11. f4 Bb4 12. Nf3 Na5 13. Na2 Nb3 14. Nxb4 Nxa1 15.
Ne5 Bf5 16. g4 Be4 17. g5 Nd7 18. Ng4 f5 19. Nf2 Nb3 20. Nxe4 fxe4 21. Nxd5
Nxc1 22. Qxc1 Rc8 23. Bxc4 Kh8 24. b3 Nb6 25. Nxb6 Qxb6 26. Qe1 Qg6 27. Qg3 Rf5
28. h4 h5 29. Qg2 a6 30. Qe2 Qe8 31. Qb2 b5 32. axb5 axb5 33. Be2 g6 34. Ra1
Rd5 35. b4 Qd7 36. Kg2 Qe7 37. Kf2 Qb7 38. Qb3 Qd7 39. Kg3 Qe6 40. Qb2 Rc7 41.
Ra8+ Kg7 42. Qa1 Qb6 43. Ra6 Qb7 44. Bd1 Qc8 45. Ra8 Qd7 46. Qa6 Rd6 47. Qa2
Rd5 48. Qa6 Rd6 49. Qa2 Rd5 50. Qa6 Rc6 51. Qa1 Rc7 52. Ra6 Qc8 53. Ra8 Qd7 54.
Qa6 Rd6 55. Qa1 Rd5 56. Qa6 Rc6 57. Qa1 Rc7 58. Qa6 1/2-1/2

[Event "Mechanics' Summer TNM; 30/90, SD/30"]
[Site "San Francisco"]
[Date "2009.06.09"]
[Round "3.30"]
[White "Chan, John"]
[Black "Toolis, Patrick"]
[Result "0-1"]
[WhiteElo "1622"]
[BlackElo "1247"]
[PlyCount "108"]
[EventDate "2009.??.??"]

1. c4 e6 2. Nc3 Nf6 3. Nf3 h6 4. g3 Be7 5. d4 O-O 6. Qc2 Nc6 7. a3 b6 8. h3 d6
9. g4 Nh7 10. e4 Bf6 11. Be3 Bg5 12. Nxg5 Nxg5 13. Bg2 Bb7 14. h4 Nh7 15. O-O-O
Qd7 16. Rhg1 Qe7 17. Rh1 Na5 18. Na2 Ba6 19. Bf1 Rac8 20. Nb4 Bb7 21. f3 c5 22.
Na2 cxd4 23. Bxd4 d5 24. Bc3 Nxc4 25. Bxc4 Rxc4 26. exd5 Bxd5 27. Qe2 Qb7 28.
Rhf1 Rf4 29. Qe5 Rf6 30. g5 Rg6 31. gxh6 f6 32. Qh5 Rxh6 33. Qg4 Bxa2 34. Rfe1
Rf7 35. Rd8+ Nf8 36. Red1 Bd5 37. Rd3 Qc7 38. Re8 Re7 39. Rxe7 Qxe7 40. Bb4
Qc7+ 41. Rc3 Qd7 42. Qf4 e5 43. Qe3 Rxh4 44. Qf2 Rh1+ 45. Kc2 Qf5+ 46. Kd2 Qf4+
47. Qe3 Rh2+ 48. Kc1 Qg3 49. Rc8 Qg2 50. Rxf8+ Kh7 51. Bd2 Bxf3 52. Rd8 Qf1+
53. Qe1 Qc4+ 54. Kb1 Rh1 0-1

[Event "Mechanics' Summer TNM; 30/90, SD/30"]
[Site "San Francisco"]
[Date "2009.07.14"]
[Round "8.17"]
[White "Chen, Max"]
[Black "Afkham-Ebrahimi, Payam"]
[Result "0-1"]
[WhiteElo "1506"]
[BlackElo "1772"]
[PlyCount "78"]
[EventDate "2009.??.??"]

1. d4 d5 2. c4 c6 3. Nc3 Nf6 4. Bg5 a6 5. e3 Qa5 6. Qd2 Bf5 7. Nf3 Nbd7 8. Nh4
Be6 9. c5 h6 10. Bxf6 Nxf6 11. Bd3 Qc7 12. Nf3 Bg4 13. Ne5 e6 14. Na4 Bh5 15.
Nb6 Rd8 16. h3 Bxc5 17. Nxf7 Qxf7 18. dxc5 O-O 19. O-O Ne4 20. Qc2 Qg6 21. Be2
Bxe2 22. Qxe2 Nxc5 23. Rfd1 e5 24. Rac1 Ne6 25. a4 Ng5 26. Kh2 e4 27. a5 Qd6+
28. Kg1 Rf3 29. Nc4 Nxh3+ 30. gxh3 Qg6+ 31. Kh2 Qf5 32. Kg2 Qxh3+ 33. Kg1 Qh5
34. Rc2 Rdf8 35. Nd2 Rg3+ 36. fxg3 Qxe2 37. Rcc1 Rf2 38. Nf1 Qf3 39. Rc2 Qg2#
0-1

[Event "Mechanics' Summer TNM; 30/90, SD/30"]
[Site "San Francisco"]
[Date "2009.06.16"]
[Round "4.14"]
[White "Chen, Max"]
[Black "Andries, Craig"]
[Result "0-1"]
[WhiteElo "1506"]
[BlackElo "1866"]
[PlyCount "116"]
[EventDate "2009.??.??"]

1. d4 d6 2. c4 Nf6 3. Nc3 g6 4. e4 Bg7 5. Bg5 c6 6. Nf3 Qa5 7. Bd3 Bg4 8. Bd2
Bxf3 9. Qxf3 Qb6 10. Na4 Qc7 11. O-O Nbd7 12. Rac1 e5 13. d5 O-O 14. b4 c5 15.
a3 Nb6 16. Nxb6 axb6 17. Ra1 Nd7 18. Bc3 Ra7 19. Ra2 Rfa8 20. Rfa1 cxb4 21.
Bxb4 Nc5 22. Bc2 Na6 23. Qb3 Qd7 24. Bd2 Qc7 25. Be3 Nc5 26. Qb4 Bf6 27. Rb1
Bd8 28. Bxc5 bxc5 29. Qc3 Qe7 30. a4 Ba5 31. Qd3 Qg5 32. Rb5 h5 33. h3 b6 34.
Ra1 Rf8 35. Rd1 f5 36. Kh2 Qf4+ 37. Kg1 fxe4 38. Qe2 Raf7 39. Bxe4 Kg7 40. Bf3
Qg5 41. Kf1 Qf4 42. Kg1 Rf5 43. Rb2 Qg5 44. Kh1 Rf4 45. Rf1 Qf5 46. Qe3 Rxc4
47. Qb3 Rc3 48. Qd1 e4 49. Be2 Rxh3+ 50. gxh3 Qxh3+ 51. Kg1 Rf5 52. Rb3 Rg5+
53. Rg3 Rxg3+ 54. fxg3 Qxg3+ 55. Kh1 Bc3 56. Rf7+ Kxf7 57. Qf1+ Kg7 58. Bb5 Qe1
{Black won about 20 moves later. The players quit keeping score at this point.}
0-1

[Event "Mechanics' Fall TNM; 30/90, SD/30"]
[Site "San Francisco"]
[Date "2009.12.08"]
[Round "8.16"]
[White "Chen, Max"]
[Black "Drane, Robert"]
[Result "0-1"]
[WhiteElo "1726"]
[BlackElo "1861"]
[PlyCount "66"]
[EventDate "2009.??.??"]

1. d4 f5 2. Bg5 c6 3. Nf3 d6 4. c4 Nd7 5. Nc3 Ngf6 6. h3 g6 7. e3 Bg7 8. d5 Ne4
9. Qc2 Nxc3 10. bxc3 Qa5 11. Nd4 c5 12. Ne2 Ne5 13. Qb3 Nd3+ 14. Kd2 Nxf2 15.
Bh4 Nxh1 16. Nf4 Be5 17. Be2 g5 18. Bh5+ Kf8 19. Bxg5 Ng3 20. Ne6+ Bxe6 21.
Bh6+ Bg7 22. Bxg7+ Kxg7 23. Qxb7 Kf6 24. dxe6 Rab8 25. Qf3 Rb2+ 26. Kd3 Ne4 27.
Qxe4 fxe4+ 28. Kxe4 Rf2 29. g4 Qxc3 30. g5+ Kxg5 31. Rg1+ Kxh5 32. Kd5 Rc8 33.
Ke4 Qxc4# 0-1

[Event "Mechanics' Fall TNM; 30/90, SD/30"]
[Site "San Francisco"]
[Date "2009.11.10"]
[Round "4.12"]
[White "Chen, Max"]
[Black "Krasnov, Steven"]
[Result "0-1"]
[WhiteElo "1726"]
[BlackElo "1932"]
[PlyCount "80"]
[EventDate "2009.??.??"]

1. d4 d5 2. c4 c6 3. Nc3 Nf6 4. Bg5 e6 5. Nf3 dxc4 6. e4 h6 7. Bxf6 Qxf6 8.
Bxc4 Nd7 9. O-O e5 10. d5 Nb6 11. dxc6 Nxc4 12. Nd5 Qd6 13. Qa4 bxc6 14. b3 Nb2
15. Qa5 cxd5 16. Rab1 Ba6 17. Rfc1 Nd3 18. Qa4+ Qd7 19. Qxa6 Nxc1 20. Nxe5 Qc7
21. Qb5+ Ke7 22. Nc6+ Kf6 23. Qxd5 Qf4 24. Qd4+ Kg6 25. Ne5+ Kh7 26. Qb2 Rc8
27. g3 Ne2+ 28. Qxe2 Qxe5 29. f4 Bc5+ 30. Kf1 Qe6 31. e5 Qh3+ 32. Ke1 Bb4+ 33.
Kf2 Qxh2+ 34. Kf1 Qh1+ 35. Kf2 Bc5+ 36. Qe3 Qxb1 37. b4 Bxe3+ 38. Kxe3 Rc3+ 39.
Kf2 Qb2+ 40. Ke1 Rc1# 0-1

[Event "Mechanics' Summer TNM; 30/90, SD/30"]
[Site "San Francisco"]
[Date "2009.06.30"]
[Round "6.22"]
[White "Chen, Max"]
[Black "Leavens, Weston"]
[Result "1/2-1/2"]
[WhiteElo "1506"]
[BlackElo "1782"]
[PlyCount "103"]
[EventDate "2009.??.??"]

1. d4 f5 2. Nf3 Nf6 3. Bg5 g6 4. Bxf6 exf6 5. e3 Bg7 6. Bc4 d5 7. Bb3 Be6 8.
Qe2 O-O 9. Qb5 b6 10. c4 c6 11. Qa4 Qd6 12. O-O Nd7 13. cxd5 Bxd5 14. Bxd5+
Qxd5 15. Rc1 Rac8 16. Nc3 Qd6 17. Rd1 Qe6 18. d5 cxd5 19. Rxd5 Nc5 20. Qc4 Qf7
21. Rad1 Ne4 22. Qd4 Nxc3 23. bxc3 Rc7 24. Qa4 Rxc3 25. h3 (25. Rd7 $1) 25...
Rc7 26. Rd7 Qc4 27. Qa3 $2 (27. Qxc4+ Rxc4 28. Rxa7 $14 Rfc8) 27... Re8 28. Qd6
Rc6 29. Qa3 a5 30. Nd4 Bf8 31. Qb2 Rc7 32. Rxc7 Qxc7 33. Qb3+ Kh8 34. Ne6 Qf7
35. Nxf8 Rxf8 36. Qxf7 Rxf7 37. Rd8+ Kg7 38. Rb8 Rc7 39. Rxb6 Rc1+ 40. Kh2 Rc2
41. Kg3 Rxa2 42. Rb7+ Kh6 43. Rf7 a4 44. Rxf6 a3 45. Ra6 Kh5 46. Ra7 h6 47. Kf3
Ra1 48. Ra6 a2 49. Kf4 Rg1 50. Rxa2 Rxg2 51. Kf3 Rg1 52. Ra4 1/2-1/2

[Event "Mechanics' Wilkerson Mem TNM; 30/90, SD"]
[Site "San Francisco"]
[Date "2009.09.15"]
[Round "7.15"]
[White "Chen, Max"]
[Black "Luke, Gary"]
[Result "1/2-1/2"]
[WhiteElo "1586"]
[BlackElo "1817"]
[PlyCount "156"]
[EventDate "2009.??.??"]

1. d4 d5 2. c4 c6 3. Nc3 Nf6 4. Bg5 e6 5. Nf3 Be7 6. e3 h6 7. Bf4 O-O 8. Bd3
Nbd7 9. O-O Nh5 10. Be5 f5 11. Rc1 g6 12. Qd2 Kh7 13. cxd5 exd5 14. a3 Rg8 15.
Qc2 Qf8 16. Ne2 Ndf6 17. Nf4 Nxf4 18. exf4 Ne4 19. Nd2 Nd6 20. Rfe1 g5 21. Nf3
Ne4 22. Qe2 g4 23. Nd2 h5 24. h3 Qh6 25. Nxe4 fxe4 26. Bxe4+ dxe4 27. Qxe4+ Qg6
28. hxg4 Bxg4 29. Qe3 Bf5 30. Qf3 Be6 31. g3 h4 32. Rc3 Raf8 33. Bc7 Bg5 34.
Bd6 Rf7 35. Qe2 Bxf4 36. Bxf4 Rxf4 37. Qxe6 Qxe6 38. Rxe6 Rg7 39. Rd3 hxg3 40.
fxg3 Rfg4 41. Kh2 Rd7 42. Kh3 Rg5 43. Kh4 Rgd5 44. g4 Kg7 45. Re4 c5 46. Kg3
Kg6 47. Kf3 cxd4 48. Rf4 R5d6 49. Rf5 Rb6 50. b4 Rc6 51. Rc5 Rf6+ 52. Ke4 Rf1
53. Re5 Re1+ 54. Kf4 Rg1 55. Re6+ Kf7 56. Re4 Rf1+ 57. Ke5 Rf6 58. g5 Re6+ 59.
Kf4 Red6 60. Kf5 Kg7 61. Ke5 Rd5+ 62. Kf4 Kf7 63. Re5 R5d6 64. Ke4 Kg6 65. Kf4
Rh7 66. Rf5 Rh4+ 67. Ke5 Rd7 68. Ke6 Rc7 69. Rd5 Re4+ 70. Kd6 Rc4 71. b5 Ra4
72. Kc5 a6 73. Kb6 axb5 74. Kxb7 Rc4 75. Rxb5 Rc3 76. Rxc3 dxc3 77. Rc5 Re3 78.
a4 Rg3 {The scoresheets end here. Black miraculously drew in another 20 moves.}
1/2-1/2

[Event "Mechanics' Wilkerson Mem TNM; 30/90, SD"]
[Site "San Francisco"]
[Date "2009.09.29"]
[Round "9.10"]
[White "Chen, Max"]
[Black "Manvelyan, Hovik"]
[Result "0-1"]
[WhiteElo "1586"]
[BlackElo "1951"]
[PlyCount "88"]
[EventDate "2009.??.??"]

1. d4 e6 2. c4 d5 3. Nc3 f5 4. Nf3 Nf6 5. Bg5 Be7 6. h3 O-O 7. e3 c6 8. Bd3 Ne4
9. Bxe7 Qxe7 10. O-O Bd7 11. Ne5 Be8 12. Be2 Nd7 13. Nxd7 Qxd7 14. Nxe4 fxe4
15. Rc1 Rf6 16. Bg4 Qe7 17. Qc2 Bg6 18. Qe2 Raf8 19. Bh5 Bxh5 20. Qxh5 Rf5 21.
Qe2 Rf3 22. Kh2 Qh4 23. gxf3 Rxf3 24. Qxf3 exf3 25. cxd5 exd5 26. Rc2 h5 27.
Rg1 g5 28. Rg3 g4 29. Rc1 Kf7 30. Rf1 Ke6 31. b3 Kf5 32. Rfg1 Ke4 33. Rxg4+
hxg4 34. Rxg4+ Qxg4 35. hxg4 b6 36. Kg3 c5 37. dxc5 bxc5 38. Kh4 c4 39. g5 c3
40. g6 c2 41. Kh5 c1=Q 42. g7 Kf5 43. Kh4 Qh1+ 44. Kg3 Qg2+ 0-1

[Event "Mechanics' Fall TNM; 30/90, SD/30"]
[Site "San Francisco"]
[Date "2009.10.27"]
[Round "2.16"]
[White "Chen, Max"]
[Black "Montoya, Daniel"]
[Result "1-0"]
[WhiteElo "1726"]
[BlackElo "1228"]
[PlyCount "29"]
[EventDate "2009.??.??"]

1. d4 d5 2. c4 Nc6 3. e3 Nf6 4. Nc3 Bg4 5. Nf3 e6 6. h3 Bh5 7. Be2 Bb4 8. O-O
O-O 9. a3 Bxc3 10. bxc3 Ne4 11. Qc2 Bg6 12. Bd3 dxc4 13. Bxe4 Bxe4 14. Qxe4 b5
15. Qxc6 1-0

[Event "Mechanics' Wilkerson Mem TNM; 30/90, SD"]
[Site "San Francisco"]
[Date "2009.09.01"]
[Round "5.16"]
[White "Chen, Max"]
[Black "Periwal, Prashant"]
[Result "1-0"]
[WhiteElo "1586"]
[BlackElo "1888"]
[PlyCount "99"]
[EventDate "2009.??.??"]

1. d4 d5 2. c4 e6 3. Nc3 Nf6 4. Bg5 Be7 5. e3 Ne4 6. Nxe4 Bxg5 7. Nxg5 Qxg5 8.
Nf3 Qe7 9. Rc1 Nc6 10. Bd3 O-O 11. O-O Nb4 12. Bb1 f5 13. a3 Nc6 14. Ba2 Rd8
15. Qc2 a5 16. Rfd1 Qd6 17. Rd3 Bd7 18. Rc3 Ra6 19. cxd5 exd5 20. Rc5 Ne7 21.
Ne5 c6 22. Qb3 b6 23. R5c2 Be8 24. Qd3 Ra7 25. Qe2 c5 26. Nf3 c4 27. Bb1 Bh5
28. Rd2 Rf8 29. Bc2 Ng6 30. Qf1 Bxf3 31. gxf3 Nh4 32. Qh3 g5 33. Kh1 Rf6 34.
Rg1 Rg7 35. f4 h6 36. fxg5 hxg5 37. f4 Rh6 38. fxg5 Rh8 39. Qg3 Qe6 40. Rf2 Rh5
41. Qb8+ Kf7 42. Qc7+ Kg8 43. Qd8+ Kf7 44. Qc7+ Kg8 45. Qf4 Rh8 46. Bxf5 Nxf5
47. Qxf5 Qxe3 48. Qc8+ Kh7 49. g6+ Rxg6 50. Rf7+ 1-0

[Event "Mechanics' Summer TNM; 30/90, SD/30"]
[Site "San Francisco"]
[Date "2009.06.09"]
[Round "3.20"]
[White "Chen, Max"]
[Black "Russell, Joe"]
[Result "1-0"]
[WhiteElo "1506"]
[BlackElo "1820"]
[PlyCount "44"]
[EventDate "2009.??.??"]

1. d4 Nf6 2. c4 g6 3. Nc3 d5 4. Bg5 Ne4 5. Nxe4 dxe4 6. e3 Bg7 7. Ne2 c6 8. Nc3
f5 9. Qb3 Qb6 10. Qa3 Qc7 11. d5 h6 12. Bf4 Be5 13. Bxe5 Qxe5 14. O-O-O O-O 15.
d6 Nd7 16. Be2 exd6 17. Rxd6 Nf6 18. Rhd1 Be6 19. Qb4 Rab8 20. c5 b6 21. Rxe6
Qxe6 22. Bc4 Nd5 {last few moves are missing} 1-0

[Event "Mechanics' Wilkerson Mem TNM; 30/90, SD"]
[Site "San Francisco"]
[Date "2009.08.04"]
[Round "2.12"]
[White "Chen, Max"]
[Black "Sanguinetti, George"]
[Result "0-1"]
[WhiteElo "1586"]
[BlackElo "2003"]
[PlyCount "129"]
[EventDate "2009.??.??"]

1. d4 d5 2. c4 c6 3. Nc3 e6 4. Bf4 Nf6 5. e3 Be7 6. Nf3 O-O 7. Bd3 Nbd7 8. O-O
Re8 9. Rc1 Nh5 10. Be5 Nxe5 11. Nxe5 g6 12. Qf3 Bf6 13. Ng4 Bg7 14. h3 Qe7 15.
Rfd1 Bd7 16. Qe2 Rad8 17. cxd5 exd5 18. Rb1 f5 19. Nh2 f4 20. e4 Bxd4 21. exd5
Qxe2 22. Nxe2 Bb6 23. dxc6 Bxc6 24. Nc3 Kg7 25. Bb5 Bxb5 26. Nxb5 Ng3 27. Nf3
Rxd1+ 28. Rxd1 Re2 29. Nbd4 Rxb2 30. fxg3 fxg3 31. Ra1 Kf6 32. Kh1 g5 33. a4 h5
34. Re1 g4 35. hxg4 hxg4 36. Re6+ Kg7 37. Nf5+ Kg8 38. Nh6+ Kg7 39. Nxg4 Bf2
40. Re7+ Kf8 41. Nxf2 gxf2 42. Re1 fxe1=Q+ 43. Nxe1 Rb1 44. g4 Kg7 45. Kg2 Rxe1
46. Kf3 Kg6 47. Kf4 Ra1 48. Ke5 Rxa4 49. Kd6 Rc4 50. Kd7 a5 51. Kd6 Rc6+ 52.
Kd5 a4 53. Kd4 a3 54. Kd5 a2 55. g5 a1=Q 56. Ke4 Re6+ 57. Kd5 Qe5+ 58. Kc4 Rc6+
59. Kd3 Rd6+ 60. Kc4 Qd5+ 61. Kc3 Rc6+ 62. Kb4 Qc4+ 63. Ka3 Kf5 64. Kb2 Qb4+
65. Ka2 0-1

[Event "Mechanics' Fall TNM; 30/90, SD/30"]
[Site "San Francisco"]
[Date "2009.12.15"]
[Round "9.18"]
[White "Chen, Max"]
[Black "Stipins, Janis"]
[Result "1-0"]
[WhiteElo "1726"]
[BlackElo "1511"]
[PlyCount "91"]
[EventDate "2009.??.??"]

1. d4 Nf6 2. c4 e6 3. Nf3 b6 4. Nc3 Bb4 5. a3 Bxc3+ 6. bxc3 Bb7 7. Bg5 O-O 8.
Qc2 d5 9. e3 Nbd7 10. Bd3 Qc8 11. cxd5 exd5 12. Bf5 Qe8 13. O-O Ne4 14. Bf4 Nd6
15. Bxh7+ Kh8 16. Ng5 g6 17. f3 Kg7 18. h4 Rh8 19. h5 Rxh7 20. Nxh7 Kxh7 21.
hxg6+ fxg6 22. Kf2 Qf7 23. Rh1+ Kg7 24. Bh6+ Kg8 25. Rh4 Qf5 26. Qb3 Re8 27.
Rf4 Qd3 28. e4 Qc4 29. Qc2 dxe4 30. Re1 Nf5 31. Bg5 e3+ 32. Kg1 Qe6 33. g4 Ng7
34. c4 Bxf3 35. d5 Qe5 36. Qxg6 Be4 37. Qf7+ Kh8 38. Rxe4 Qg3+ 39. Kf1 Rf8 40.
Qxf8+ Nxf8 41. R1xe3 Qh2 42. Rf4 Ng6 43. Rf6 Ne5 44. Rh6+ Qxh6 45. Bxh6 Nxc4
46. Re7 1-0

[Event "Mechanics' Spring TNM; 30/90, SD/30"]
[Site "San Francisco"]
[Date "2009.03.31"]
[Round "3.26"]
[White "Cheng, Andrew"]
[Black "Askin, David"]
[Result "0-1"]
[WhiteElo "1316"]
[BlackElo "1768"]
[PlyCount "50"]
[EventDate "2009.??.??"]

1. d4 Nf6 2. c4 c5 3. d5 b5 4. b3 g6 5. Bb2 Bg7 6. Nf3 d6 7. Nbd2 O-O 8. e3
bxc4 9. Nxc4 Bb7 10. Bxf6 Bxf6 11. Rc1 Nd7 12. e4 Nb6 13. Bd3 a5 14. a4 Ba6 15.
O-O Bxc4 16. Bxc4 Nxc4 17. bxc4 Rb8 18. Rb1 Rb4 19. Qc2 Qd7 20. Rxb4 axb4 21.
e5 dxe5 22. Ra1 e4 23. Ra2 exf3 24. a5 Ra8 25. a6 Qg4 0-1

[Event "Mechanics' Spring TNM; 30/90, SD/30"]
[Site "San Francisco"]
[Date "2009.04.21"]
[Round "6.27"]
[White "Cheng, Andrew"]
[Black "James, Charles"]
[Result "1/2-1/2"]
[WhiteElo "1316"]
[BlackElo "1381"]
[PlyCount "47"]
[EventDate "2009.??.??"]

1. c4 e5 2. Nc3 Nf6 3. e4 c5 4. g3 g6 5. Bg2 Nc6 6. Nf3 d6 7. O-O Be7 8. b3 O-O
9. Re1 Bg4 10. h3 Bxf3 11. Bxf3 Nd4 12. Bg2 h6 13. Bb2 Qd7 14. Nd5 Nxd5 15.
exd5 g5 16. Bxd4 exd4 17. Qc2 Bf6 18. Rad1 Rfe8 19. Kh2 Rxe1 20. Rxe1 Re8 21.
Rxe8+ Qxe8 22. Be4 b6 23. d3 Bd8 24. Qd2 1/2-1/2

[Event "Mechanics' Spring TNM; 30/90, SD/30"]
[Site "San Francisco"]
[Date "2009.04.14"]
[Round "5.24"]
[White "Cheng, Andrew"]
[Black "Mar, Henry"]
[Result "1/2-1/2"]
[WhiteElo "1316"]
[BlackElo "1500"]
[PlyCount "98"]
[EventDate "2009.??.??"]

1. c4 Nf6 2. Nc3 g6 3. b3 Bg7 4. Nf3 d6 5. Bb2 Nbd7 6. g3 O-O 7. Bg2 e5 8. d3
Re8 9. e4 Nc5 10. O-O Bg4 11. h3 Bd7 12. Re1 Qc8 13. Kh2 Nh5 14. Nd5 c6 15. Ne3
f5 16. exf5 gxf5 17. Nxe5 Nf6 18. Nxd7 Qxd7 19. f4 Ng4+ 20. hxg4 Bxb2 21. Rb1
Bd4 22. Nxf5 Rxe1 23. Qxe1 Re8 24. Qd2 Bf6 25. b4 Ne6 26. Re1 Ng7 27. Rxe8+
Nxe8 28. Be4 d5 29. cxd5 cxd5 30. Bf3 Ng7 31. Nxg7 Bxg7 32. Qg2 d4 33. Bxb7
Qxg4 34. Bf3 Qf5 35. Be4 Qh5+ 36. Qh3 Qe2+ 37. Qg2 Qh5+ 38. Kg1 Qd1+ 39. Qf1
Qg4 40. Kg2 h5 41. Qf3 Qc8 42. f5 Qc2+ 43. Qf2 Qc1 44. f6 Bh6 45. f7+ Kf8 46.
Kh3 Be3 47. Qg2 Qd1 48. Qf3 Qb1 49. Qg2 Qd1 1/2-1/2

[Event "Mechanics' Spring TNM; 30/90, SD/30"]
[Site "San Francisco"]
[Date "2009.05.05"]
[Round "8.28"]
[White "Cheng, Andrew"]
[Black "Rudzevich, Brian"]
[Result "1-0"]
[WhiteElo "1316"]
[BlackElo "976"]
[PlyCount "25"]
[EventDate "2009.??.??"]

1. c4 g6 2. Nc3 Bg7 3. d4 e5 4. Nf3 exd4 5. Nxd4 Qh4 6. Nf3 Qxc4 7. e4 Bxc3+ 8.
bxc3 Qxe4+ 9. Be2 b6 10. O-O h6 11. Re1 Kd8 12. Bb5 Qb7 13. Qe2 1-0

[Event "Mechanics' Spring TNM; 30/90, SD/30"]
[Site "San Francisco"]
[Date "2009.04.14"]
[Round "5.12"]
[White "Chernobilskiy, Mikhail"]
[Black "Bultman, Charles"]
[Result "1-0"]
[WhiteElo "1801"]
[BlackElo "1724"]
[PlyCount "101"]
[EventDate "2009.??.??"]

1. e4 c5 2. Nf3 d6 3. d4 cxd4 4. Nxd4 Nf6 5. Nc3 a6 6. Be2 e5 7. Nb3 Be7 8. Be3
Be6 9. Bf3 O-O 10. g4 b5 11. g5 Nfd7 12. Qd2 Nc6 13. O-O-O Nb6 14. Be2 Nc4 15.
Bxc4 bxc4 16. Na1 Qa5 17. a3 Rab8 18. Nd5 Qxd2+ 19. Rxd2 Bxd5 20. Rxd5 Rb7 21.
Rhd1 Rfb8 22. b4 a5 23. c3 axb4 24. cxb4 Rb5 25. Nc2 Kf8 26. Kb2 Rxd5 27. Rxd5
Ke8 28. Kc3 Kd7 29. Kxc4 Bd8 30. f4 Ne7 31. Rd3 Rc8+ 32. Kb3 f6 33. b5 Rb8 34.
a4 Bb6 35. Bxb6 Rxb6 36. gxf6 gxf6 37. f5 Ke8 38. Ne3 Rb7 39. Nc4 Nc8 40. Nxd6+
Nxd6 41. Rxd6 Ke7 42. Rd5 Rc7 43. b6 Rc1 44. Rd2 Rb1+ 45. Rb2 Rd1 46. b7 Rd8
47. a5 Rb8 48. a6 Kd7 49. Kb4 Kc7 50. Ka5 Rd8 51. a7 1-0

[Event "Mechanics' Spring TNM; 30/90, SD/30"]
[Site "San Francisco"]
[Date "2009.04.28"]
[Round "7.9"]
[White "Chernobilskiy, Mikhail"]
[Black "Fuentes, Romulo"]
[Result "0-1"]
[WhiteElo "1801"]
[BlackElo "2083"]
[PlyCount "43"]
[EventDate "2009.??.??"]

1. e4 c5 2. Nf3 d6 3. d4 cxd4 4. Nxd4 Nf6 5. Nc3 a6 6. h3 g6 7. g4 Bg7 8. g5
Nfd7 9. Be3 Nc6 10. Qd2 O-O 11. O-O-O Qa5 12. h4 Nxd4 13. Bxd4 Bxd4 14. Qxd4
Nc5 15. Nd5 Re8 16. b4 Qa3+ 17. Kd2 Bg4 18. Re1 Ne6 19. Qc4 Qf3 20. Qe2 Nd4 21.
Qe3 Qxh1 22. Qxd4 {Scoresheets unreadable at this point. Black won in 53 moves.
} 0-1